2025/26 Manchester United Players From Pictures - Statistics

General Stats
  • This quiz has been taken 32 times
  • The average score is 17 of 21
Answer Stats
Picture Answer % Correct
Bruno Fernandes
100%
Casemiro
100%
Harry Maguire
100%
Mason Mount
97%
Luke Shaw
90%
Matheus Cunha
90%
Benjamin Sesko
87%
Bryan Mbeumo
87%
Kobbie Mainoo
83%
Matthijs De Ligt
83%
Diogo Dalot
80%
Joshua Zirkzee
80%
Leny Yoro
73%
Lisandro Martinez
73%
Manuel Ugarte
73%
Patrick Dorgu
73%
Amad Diallo
70%
Senne Lammens
70%
Altay Bayındır
60%
Ayden Heaven
60%
Noussair Mazraoui
60%
No matching quizzes found
Score Distribution
Percent of People with Each Score
Percentile by Number Answered
Your Score History
You have not taken this quiz